Normal view
MARC view
- INSTITUTO POLITECNICO NACIONAL (MEXICO) -
Entry Nombre Corporativo
001 - NÚMERO DE CONTROL
- campo de control: 22507
003 - IDENTIFICADOR DE NUMERO DE CONTROL
- campo de control: UPN
005 - FECHA Y HORA DE LA ÜLTIMA TRANSACCIÓN
- campo de control: 20210219193951.0
008 - DATOS DE LONGITUD FIJA
- campo de control de longitud fija: nabaccnnaabn|||||||||| b |nc|||||d
035 ## - NÚMERO DE CONTROL
- Número de control: UPN10000022516
040 ## - FUENTE DE CATALOGACIÓN
- Lenguaje de catalogación: SPA
- Agencia transcribe: UPN
110 2# - ENCABEZAMIENTO - NOMBRE CORPORATIVO
- Nombre corporativo o de jurisdicción como elemento de entrada : INSTITUTO POLITECNICO NACIONAL (MEXICO) -
- Subdivisión temática general: HISTORIA
670 ## - FUENTE EN LA QUE SE LOCALIZARON DATOS
- Cita de la fuente : E/P
- Información localizada: Instituto Nacional de Antropología e Historia, México
902 ## - CATALOGADOR
- Catalogador: MMA/270297
